LIBRARY & INFORMATION CENTRE, KCAET, TAVANUR

ONLINE PUBLIC ACCESS CATALOGUE (OPAC)

William Congreve / (Record no. 503)

MARC details
000 -LEADER
fixed length control field 00509cam a2200205ua 4500
041 ## - LANGUAGE CODE
Language code of text/sound track or separate title eng
082 ## - DEWEY DECIMAL CLASSIFICATION NUMBER
Classification number 822
Item number CON/WI
100 ## - MAIN ENTRY--AUTHOR NAME
Personal name Congreve, William .
245 ## - TITLE STATEMENT
Title William Congreve /
260 ## - PUBLICATION, DISTRIBUTION, ETC. (IMPRINT)
Place of publication London :
Name of publisher Earnest Benn Ltd ,
Year of publication 1961.
300 ## - PHYSICAL DESCRIPTION
Number of Pages 437 ; .
490 0# - SERIES STATEMENT
Series statement The Mermaid Series,
Volume number/sequential designation
942 ## - ADDED ENTRY ELEMENTS (KOHA)
Koha item type Books
Holdings
Withdrawn status Lost status Damaged status Home library Current library Date acquired Cost, normal purchase price Full call number Accession Number Koha item type Public note
Withdrawn     KAUAET Malayalam University 07/04/2012   822 4125 Books  
Withdrawn     KAUAET Sanskrit University 07/04/2012 18.00 822 7041 Books Transferred to Sanskrit University
free website counter